Practical management science / (Record no. 1060)
[ view plain ]
| 000 -LEADER | |
|---|---|
| fixed length control field | 00772nam a2200217 ar4500 |
| 001 - CONTROL NUMBER | |
| control field | 1061 |
| 005 - DATE AND TIME OF LATEST TRANSACTION | |
| control field | 20221127090128.0 |
| 008 - FIXED-LENGTH DATA ELEMENTS--GENERAL INFORMATION | |
| fixed length control field | 081117s xxua | 00110 eng d |
| 020 ## - INTERNATIONAL STANDARD BOOK NUMBER | |
| International Standard Book Number | 0324662502(hpb) : |
| Terms of availability | SR623.00 |
| 082 04 - DEWEY DECIMAL CLASSIFICATION NUMBER | |
| Classification number | 658.4032 |
| Item number | W733 2009 |
| Edition number | 22 |
| 100 1# - MAIN ENTRY--PERSONAL NAME | |
| Personal name | Winston, Wayne L. |
| 245 10 - TITLE STATEMENT | |
| Title | Practical management science / |
| Statement of responsibility, etc. | W. L. Winston, S. Albright ; with cases by Mark Broadie, L. Lapin, W. Whisler. |
| 250 ## - EDITION STATEMENT | |
| Edition statement | 3rd ed., revised. |
| 260 ## - PUBLICATION, DISTRIBUTION, ETC. | |
| Place of publication, distribution, etc. | Mason, Ohio. : |
| Name of publisher, distributor, etc. | Thomson/South-Western, |
| Date of publication, distribution, etc. | 2009. |
| 300 ## - PHYSICAL DESCRIPTION | |
| Extent | xv, 992 p. : |
| Other physical details | ill. ; |
| Dimensions | 26 cm. |
| Accompanying material | 3CD. |
| 504 ## - BIBLIOGRAPHY, ETC. NOTE | |
| Bibliography, etc. note | Includes bibl. references and index. |
| 650 #4 - SUBJECT ADDED ENTRY--TOPICAL TERM | |
| Topical term or geographic name entry element | Management. |
| 650 #4 - SUBJECT ADDED ENTRY--TOPICAL TERM | |
| Topical term or geographic name entry element | Operations research. |
| 650 #4 - SUBJECT ADDED ENTRY--TOPICAL TERM | |
| Topical term or geographic name entry element | Management science |
| General subdivision | Mathematical models. |
| 700 0# - ADDED ENTRY--PERSONAL NAME | |
| Personal name | Albright, S. Christian, |
| Relator term | jt. author. |
| Withdrawn status | Lost status | Source of classification or shelving scheme | Damaged status | Not for loan | Home library | Current library | Date acquired | Total Checkouts | Full call number | Barcode | Date last seen | Copy number | Price effective from | Koha item type |
|---|---|---|---|---|---|---|---|---|---|---|---|---|---|---|
| 11/27/2022 | 658.4032 W733 2009 | 10000000013340 | 11/27/2022 | C3 | 11/27/2022 | Book | ||||||||
| CENTRAL | CENTRAL | 11/27/2022 | 658.4032 W733 2009 | 1000000001743 | 11/27/2022 | C1 | 11/27/2022 | Book | ||||||
| CENTRAL | CENTRAL | 11/27/2022 | 658.4032 W733 2009 | 1000000005105 | 11/27/2022 | C4 | 11/27/2022 | CD | ||||||
| CENTRAL | CENTRAL | 11/27/2022 | 658.4032 W733 2009 | 1000000005106 | 11/27/2022 | C5 | 11/27/2022 | CD | ||||||
| CENTRAL | CENTRAL | 11/27/2022 | 658.4032 W733 2009 | 1000000005107 | 11/27/2022 | C6 | 11/27/2022 | CD | ||||||
| KHOBAR | KHOBAR | 11/27/2022 | 658.4032 W733 2009 | 1000000001744 | 11/27/2022 | C2 | 11/27/2022 | Book |
